| 000 | 01192nam a2200313Ia 4500 | ||
|---|---|---|---|
| 001 | ebr10620951 | ||
| 003 | CaPaEBR | ||
| 006 | m u | ||
| 007 | cr cn||||||||| | ||
| 008 | 120601s2012 inua sb s001 0 eng d | ||
| 010 | _z 2012016799 | ||
| 020 | _z9780253006042 | ||
| 020 | _z9780253006066 | ||
| 040 |
_aCaPaEBR _cCaPaEBR |
||
| 035 | _a(OCoLC)816562975 | ||
| 050 | 1 | 4 |
_aQE899.2.C65 _bK59 2012eb |
| 100 | 1 | _aKnell, Simon J. | |
| 245 | 1 | 4 |
_aThe great fossil enigma _h[electronic resource] : _bthe search for the conodont animal / _cSimon J. Knell. |
| 260 |
_aBloomington : _bIndiana University Press, _c2012. |
||
| 300 |
_axx, 413 p. : _bill. |
||
| 440 | 0 | _aLife of the past | |
| 504 | _aIncludes bibliographical references and index. | ||
| 533 |
_aElectronic reproduction. _bPalo Alto, Calif. : _cebrary, _d2011. _nAvailable via World Wide Web. _nAccess may be limited to ebrary affiliated libraries. |
||
| 650 | 0 | _aConodonts. | |
| 650 | 0 |
_aScience _xSocial aspects. |
|
| 655 | 7 |
_aElectronic books. _2local |
|
| 710 | 2 | _aebrary, Inc. | |
| 856 | 4 | 0 |
_uhttp://site.ebrary.com/lib/rucke/Doc?id=10620951 _zAn electronic book accessible through the World Wide Web; click to view |
| 999 |
_c56658 _d56658 |
||